00656nam a2200193Ia 4500003000900000008004100009020001800050040001600068080001500084100003000099245009900129260004000228300001600268650004100284650001400325942000700339999001700346952009900363IN-BaIIA211028s9999 xx 000 0 eng d a0-471-94363-0 cIIA Library a523.9bKIP aKippenhahn, Rudolf913564 0aDiscovering the secrets of the suncRudolf Kippenhahn  aChichesterbJohn Wiley & Sonsc1994 axvii, 262p. aAstronomy and astrophysics thesaurus aSun91200 cBK c11351d11351 00104070aBANbBANcGENd1995-05-09l0o523.9/ KIPp12266r2021-11-05w1995-05-09yBKG32.95